Music Quiz

Random Music or Movie Titles Quiz

Most rappers in movies Quiz Stats

 Plays Quiz not verified by Sporcle

Challenge
Share
Tweet
Embed
Score 0/20 Timer 10:00
0 Plays Today
movie title % Correct
8 mileeminem
100%
Get rich or die tryin50 cent
81.8%
Set up50 cent
81.8%
Fast Fiveludacris
75.8%
Starsky and Hutchsnoop dogg
75.8%
Anacondaice cube
69.7%
Juicetupac
60.6%
Degrassi: seriesdrake
60.6%
lottery ticketbow wow
57.6%
The Washdr dre
57.6%
movie title % Correct
Get him to the Greekp.diddy
42.4%
Be King Rewindmos def
39.4%
Paper SoldiersJay-z
33.3%
Hurricane Seasonlil wayne
30.3%
Halloween: Resurectionbusta rhymes
27.3%
Wantedcommon
27.3%
Street Kingsthe game
21.2%
Obsessedbeyonce
21.2%
lottery ticket (also)t pain
15.2%
Soul Menjohn legend
3%

You're not logged in!

Compare scores with friends on all Sporcle quizzes.
Join for Free
OR
Log In

You Might Also Like...

Show Comments

Extras

Created Jan 22, 2012ReportNominate
Tags:Movie Titles Quiz, rapper

Top Quizzes Today


Score Distribution

Your Account Isn't Verified!

In order to create a playlist on Sporcle, you need to verify the email address you used during registration. Go to your Sporcle Settings to finish the process.

Report this User

Report this user for behavior that violates our Community Guidelines.

Details: